<?xml version="1.0" encoding="UTF-8"?>
<collection xmlns="http://www.loc.gov/MARC21/slim">
  <record>
    <leader>00000nam  2200000   4500</leader>
    <controlfield tag="001">INLIS000000000016612</controlfield>
    <controlfield tag="005">20231209052544</controlfield>
    <datafield tag="035" ind1="#" ind2="#">
      <subfield code="a">0010-1223000049</subfield>
    </datafield>
    <datafield tag="245" ind1="1" ind2="#">
      <subfield code="a">Akselerasi Pesut Daya ( Pengelolaan Surat Tanda Daftar Budidaya) Bidang Perkebunan Dinas Pertanian Kabupaten Penajam Paser Utara /</subfield>
      <subfield code="c">MUHAMMAD RUSDY MAJULEKKA SP</subfield>
    </datafield>
    <datafield tag="100" ind1=" " ind2="#">
      <subfield code="a">MAJULEKKA SP, Muhammad Rusdy</subfield>
    </datafield>
    <datafield tag="250" ind1="#" ind2="#">
      <subfield code="a">1</subfield>
    </datafield>
    <datafield tag="300" ind1="#" ind2="#">
      <subfield code="a">32 halaman :</subfield>
      <subfield code="b">ilustrasi ;</subfield>
      <subfield code="c">30</subfield>
    </datafield>
    <datafield tag="260" ind1="#" ind2="#">
      <subfield code="a">Samarinda :</subfield>
      <subfield code="b">Puslatbang KDOD,</subfield>
      <subfield code="c">2023</subfield>
    </datafield>
    <datafield tag="084" ind1="#" ind2="#">
      <subfield code="a">PKA 187 2023</subfield>
    </datafield>
    <datafield tag="650" ind1="#" ind2="4">
      <subfield code="a">Proyek Perubahan</subfield>
    </datafield>
    <datafield tag="650" ind1="#" ind2="4">
      <subfield code="a">Administrator</subfield>
    </datafield>
    <datafield tag="650" ind1="#" ind2="4">
      <subfield code="a">Inovasi Pemerintahan</subfield>
    </datafield>
    <datafield tag="650" ind1="#" ind2="4">
      <subfield code="a">Sistem Informasi</subfield>
    </datafield>
    <datafield tag="650" ind1="#" ind2="4">
      <subfield code="a">Teknologi Informasi</subfield>
    </datafield>
    <datafield tag="650" ind1="#" ind2="4">
      <subfield code="a">Lahan Budidaya</subfield>
    </datafield>
    <datafield tag="650" ind1="#" ind2="4">
      <subfield code="a">Kelapa Sawit</subfield>
    </datafield>
    <datafield tag="520" ind1="#" ind2="#">
      <subfield code="a">Proyek Perubahan ini menjelaskan masih terdapat lahan yang belum mendapatkan Surat Tanda Daftar Budidaya dikarenakan kurangnya pemahaman pentingnya Surat tanda Daftar Budidaya dan pengambilan data yang masih manual. Inovasi  Akselarasi surat Tanda Daftar Budidaya dilakukan dengan pendekatan pemanfaatan teknologi Penginderaan dengan memanfaatkan drone dan aplikasi serta kolaborasi melibatkan Asosiasi Pekebun Kelapa sawit Indonesia ( APKASINDO ) dalam proses pengambilan data dilapangan</subfield>
    </datafield>
    <datafield tag="500" ind1="#" ind2="#">
      <subfield code="a">Coach : Dr. Fajar Iswahyudi, SE., MPA &#13;
Penguji : Dr. Muhammad Aswad, M.Si&#13;
Mentor : Mulyono, SP, MT</subfield>
    </datafield>
    <datafield tag="990" ind1="#" ind2="#">
      <subfield code="a">PKA/187/2023</subfield>
    </datafield>
  </record>
</collection>
